• 首页
  • 本馆介绍
  • 公告通知
  • 最新文献
  • 馆藏检索
  • 电子资源
  • 读者导购
  • 参考咨询
  • 我的图书馆
  • 登录
  • 详细信息显示
  • 放入我的书架
  • 预约/预借图书
  • 作者相关作品
  • 分类相关作品
  • 丛书相关作品
  • 出版社相关作品

书目信息

  • 表格格式
  • 工作单格式
  • 卡片格式
题名:
有机化学文献及其查阅法
    
 
作者: 张明哲 编
分册:  
出版信息: 北京   高等教育出版社  1982.4
页数: 429页
开本: 20cm
丛书名:
单 册:
中图分类: G257.2
科图分类:
主题词: 图书馆学 , 图书馆事业
电子资源:
ISBN:
000 00682nam0 2200241 45
001 0301090941
005 20031219104103.0
010    @dCNY2.10
091    @a13010.0762
100    @a20030109d1982 km y0chiy0120 ea
101 0  @achi
105    @a z 000yy
200 1  @a有机化学文献及其查阅法@AYou Ji Hua Xue Wen Xian Ji Qi Cha Yue Fa@f张明哲编@FZhang Ming Zhe Bian
210    @a北京@c高等教育出版社@d1982.4
215    @a429页@d20cm
300    @a附录:希腊字母等
300    @a高等学校教学参考书
606 0  @a图书馆学
606 0  @a图书馆事业
690    @aG257.2@v3
701  0 @a张明哲@4编
801    @aCN@bTSTC@c20030702
905    @dG257.2@e10@f5@b144497-501@b119433-434@f2
    
    有机化学文献及其查阅法/张明哲编.-北京:高等教育出版社,1982.4
    429页;20cm
    附录:希腊字母等.-高等学校教学参考书
    
    ISBN :CNY2.10
    
●
相关链接 在E读中查询图书 在五车中查询图书 在当当中查询图书 在豆瓣中查询图书


正题名:有机化学文献及其查阅法     索取号:G257.2/10         预约/预借

序号 登录号 条形码 馆藏地/架位号 状态 备注
1 0119433   001826652   密集书库/ [索取号:G257.2/10] 在馆    
2 0119434   001826698   密集书库/ [索取号:G257.2/10] 在馆    
3 0120259   001743082   密集书库/ [索取号:G257.2/10] 在馆    
4 0120260   000214262   第四借阅区/ [索取号:G257.2/10] 在馆    
5 0120261   001743091   密集书库/ [索取号:G257.2/10] 在馆    
6 0120262   000214253   第四借阅区/ [索取号:G257.2/10] 在馆    
7 0120263   001743055   密集书库/ [索取号:G257.2/10] 在馆    
8 0144497   001826386   密集书库/ [索取号:G257.2/10] 在馆    
9 0144498   001826340   密集书库/ [索取号:G257.2/10] 在馆    
10 0144499   001826304   密集书库/ [索取号:G257.2/10] 在馆    
11 0144500   001826260   密集书库/ [索取号:G257.2/10] 在馆    
12 0144501   001826732   密集书库/ [索取号:G257.2/10] 在馆    
唐山师范学院图书馆 欢迎您!
大连网信软件有限公司© 版权所有